000 00487nam a2200169 i 4500
001 30704
003 ES-MaACL
005 20230906154235.0
007 t|
008 030127s1972 sp ||||1| spa d
100 1 _aBeltrán Villagrasa, Pío.
_927380
245 1 0 _aObra completa /
_cPío Beltrán Villagrasa.
260 _aZaragoza :
_b[Facultad de Filosofía y Letras],
_c1972.
300 _a2 v., 84 lám. :
_bil.
505 8 _aContiene: T. I.
852 _aES-MaACL
_jP-1680
_bR.82332
999 _c30704
_d30704